ბათუმის შოთა რუსთაველის სახელმწიფო უნივერსიტეტის ბიბლიოთეკა

ორგანული ქიმიის კურსი (ბიბ.ჩანაწერი № 44488)

000 -LEADER
fixed length control field 00805nam a2200229Ia 4500
001 - CONTROL NUMBER
control field 11286
003 - CONTROL NUMBER IDENTIFIER
control field GE_BSU
008 - FIXED-LENGTH DATA ELEMENTS--GENERAL INFORMATION
fixed length control field 181216s||||||||xx |||||||||||||| ||und||
040 ## - CATALOGING SOURCE
Transcribing agency GE_BSU
080 ## - UNIVERSAL DECIMAL CLASSIFICATION NUMBER
Universal Decimal Classification number 547(075.8)
100 ## - MAIN ENTRY--PERSONAL NAME
Personal name ნაცვლიშვილი ვ.
245 ## - TITLE STATEMENT
Title ორგანული ქიმიის კურსი
245 ## - TITLE STATEMENT
Remainder of title სახელმძღვ. სას-სამ. ინ-ტის სტუდენტებისათვის
245 ## - TITLE STATEMENT
Statement of responsibility, etc. რედ: შ. მიქაძე
260 ## - PUBLICATION, DISTRIBUTION, ETC.
Place of publication, distribution, etc. თბილისი
260 ## - PUBLICATION, DISTRIBUTION, ETC.
Name of publisher, distributor, etc. განათლება.
260 ## - PUBLICATION, DISTRIBUTION, ETC.
Date of publication, distribution, etc. 1984
300 ## - PHYSICAL DESCRIPTION
Extent 522გვ. 22სმ.
300 ## - PHYSICAL DESCRIPTION
Accompanying material საძიებელი გვ. 505-518
653 ## - INDEX TERM--UNCONTROLLED
Uncontrolled term ორგანული ქიმიის კურსი
942 ## - ADDED ENTRY ELEMENTS (KOHA)
Koha item type წიგნი
ეგზემპლარები
Withdrawn status Lost status Damaged status Not for loan Date acquired Barcode Date last seen Price effective from Koha item type
        2018-12-17 19551 2018-12-17 2018-12-17 წიგნი
        2018-12-17 19552 2018-12-17 2018-12-17 წიგნი
        2018-12-17 19553 2018-12-17 2018-12-17 წიგნი
        2018-12-17 19554 2018-12-17 2018-12-17 წიგნი
        2018-12-17 19555 2018-12-17 2018-12-17 წიგნი
        2018-12-17 19556 2018-12-17 2018-12-17 წიგნი
        2018-12-17 19557 2018-12-17 2018-12-17 წიგნი
        2018-12-17 19558 2018-12-17 2018-12-17 წიგნი
        2018-12-17 19559 2018-12-17 2018-12-17 წიგნი
        2018-12-17 19560 2018-12-17 2018-12-17 წიგნი
        2018-12-17 19561 2018-12-17 2018-12-17 წიგნი
        2018-12-17 19562 2018-12-17 2018-12-17 წიგნი
        2018-12-17 19563 2018-12-17 2018-12-17 წიგნი